000 00267nam a22001217a 4500
040 _cSY
082 _a972
100 _aឃួន អៀង
245 _aFruit, ដំណាំហូបផ្លែ
260 _aRUA
_bឃួន
_c2008
300 _a43p.
942 _cKB
999 _c10085
_d10085